Método intuitivo de Lengua Francesa Hablada. Curso elemental. Sirve de gramática, de libro de ejercicios, lectura y conversación y de diccionario
Guardat en:
| Autor principal: | |
|---|---|
| Format: | Llibre |
| Idioma: | francès espanyol |
| Publicat: |
Barcelona
Imprenta Ibérica
1900
|
| Edició: | 2a. ed |
| Matèries: | |
| Etiquetes: |
Afegir etiqueta
Sense etiquetes, Sigues el primer a etiquetar aquest registre!
|
MARC
| LEADER | 00000nam a2200000 a 4500 | ||
|---|---|---|---|
| 001 | UCJ8696 | ||
| 003 | CL-VaPUC | ||
| 008 | 070124e19000000SP |||||||||||||||||fre|d | ||
| 041 | 0 | 7 | |a fre |2 CL-VaPUC |
| 041 | 0 | 7 | |a spa |2 CL-VaPUC |
| 082 | 0 | 4 | |a 440 |b BRU |2 21 |
| 100 | |a Bruño, G. M |e author |9 353891 | ||
| 245 | 1 | 0 | |a Método intuitivo de Lengua Francesa Hablada. Curso elemental. Sirve de gramática, de libro de ejercicios, lectura y conversación y de diccionario |
| 250 | |a 2a. ed | ||
| 300 | |a 240 p | ||
| 942 | |c BK | ||
| 945 | |d 20070124 00:00:00 |a rinostro | ||
| 260 | |a Barcelona |b Imprenta Ibérica |c 1900 | ||
| 650 | 0 | |a Lengua francesa |9 455703 | |
| 650 | 7 | |a GRAMATICA FRANCESA |2 CL-VaPUC |9 416915 | |
| 650 | 7 | |a DICCIONARIO FRANCES CASTELLANO |2 CL-VaPUC |9 516792 | |
| 650 | 0 | |a Ilustraciones |9 369481 | |
| 583 | |a last modification |c 20070124 00:00:00 |k Rodrigo Vera | ||
| 999 | |c 324355 |d 324353 | ||
| 952 | |0 0 |1 0 |4 0 |6 440_000000000000000_BRU_1900 |7 0 |8 X |9 404448 |a FDOBUD |b FDOBUD |d 2019-11-22 |i 1082477 |o 440 BRU 1900 |p 1082477 |r 2019-11-22 |w 2019-11-22 |y BK_X |k BUD | ||